01995nam a22002534a 4500001000400000003000800004005001700012008004100029020001500070040000800085041001300093082001700106100002700123240004600150245008000196260003600276300001200312520132800324650001901652650001301671650001001684700002701694830002001721491BR-RjBN20260128162701.0100071s2000 rjb j 000 0 por d a8532511015 bpor1 aporheng04a028.5bR884h aRowling, J. K.,d1965-00aHarry Potter and the philosopher's stone.10aHarry Potter e a pedra filosofal /cJ. K. Rowling ; tradução: Lia Wyler aRio de Janeiro :bRocco,c2000. a263p. ; aConheça Harry, filho de Tiago e Lílian Potter, feiticeiros que foram assassinados por um poderosíssimo bruxo, quando ele ainda era um bebê. Com isso, o menino acaba sendo levado para a casa dos tios que nada tinham a ver com o sobrenatural pelo contrário. Até os 10 anos, Harry foi uma espécie de gata borralheira: maltratado pelos tios, herdava roupas velhas do primo gorducho, tinha óculos remendados e era tratado como um estorvo. No dia de seu aniversário de 11 anos, entretanto, ele parece deslizar por um buraco sem fundo, como o de Alice no país das maravilhas, que o conduz a um mundo mágico. Descobre sua verdadeira história e seu destino: ser um aprendiz de feiticeiro até o dia em que terá que enfrentar a pior força do mal, o homem que assassinou seus pais, o terrível Lorde das Trevas. O menino de olhos verdes, magricela e desengonçado, tão habituado à rejeição, descobre, também, que é um herói no universo dos magos. Potter fica sabendo que é a única pessoa a ter sobrevivido a um ataque do tal bruxo do mal e essa é a causa da marca em forma de raio que ele carrega na testa. Ele não é um garoto qualquer, ele sequer é um feiticeiro qualquer; ele é Harry Potter, símbolo de poder, resistência e um líder natural entre os sobrenaturais.  0aInfantojuvenil 0aFantasia 0aMagia aWyler, Lia,d1934-2018 aHarry Potter #1